Mechanical behavior of engineering materials (Record no. 22120)

000 -LEADER
fixed length control field 00506nam a22001931 4500
001 - CONTROL NUMBER
control field 22120
003 - CONTROL NUMBER IDENTIFIER
control field BD-DhUET
008 - FIXED-LENGTH DATA ELEMENTS--GENERAL INFORMATION
fixed length control field 800331s1962 paua b s000 0 eng
040 ## - CATALOGING SOURCE
Original cataloging agency DLC
Transcribing agency TxCM
Modifying agency BD-DhUET
082 ## - DEWEY DECIMAL CLASSIFICATION NUMBER
Classification number 620.1
Item number MAR/1963
100 ## - MAIN ENTRY--PERSONAL NAME
Personal name Marin, Joseph
245 10 - TITLE STATEMENT
Title Mechanical behavior of engineering materials
250 ## - EDITION STATEMENT
Edition statement 1st ed.
260 ## - PUBLICATION, DISTRIBUTION, ETC. (IMPRINT)
Place of publication, distribution, etc. New Jersey
Name of publisher, distributor, etc. Prentice-Hall
Date of publication, distribution, etc. 1963
300 ## - PHYSICAL DESCRIPTION
Extent x, 502 p.
Other physical details ill.
504 ## - BIBLIOGRAPHY, ETC. NOTE
Bibliography, etc Includes bibliographies
650 #0 - SUBJECT ADDED ENTRY--TOPICAL TERM
Topical term or geographic name as entry element Applied mechanics
942 ## - ADDED ENTRY ELEMENTS (KOHA)
Koha item type General Book
Holdings
Koha full call number Lost status Copy number Withdrawn status Koha normalized classification for sorting Location (home branch) Koha date last seen Koha out on loan Piece designation (barcode) Koha issues (times borrowed) Price effective from Shelving location Damaged status Date acquired Source of classification or shelving scheme Koha item type Not for loan Sublocation or collection (holding branch) Koha date last borrowed
620.1/MAR/1963 1 620_100000000000000_MAR_1963Central Library, BUET2015-04-23 21007 2015-04-23Circulation section 2015-04-23 General Book Central Library, BUET 
620.1/MAR/1963 2 620_100000000000000_MAR_1963Central Library, BUET2022-07-032023-07-03157112015-04-23Circulation section 2015-04-23 General Book Central Library, BUET2022-07-03
620.1/MAR/1963 3 620_100000000000000_MAR_1963Central Library, BUET2015-04-25 1570 2015-04-25Circulation section 2015-04-25 General Book Central Library, BUET 
620.1/MAR/1963 4 620_100000000000000_MAR_1963Central Library, BUET2015-04-30 25732 2015-04-30Circulation section 2015-04-30 General Book Central Library, BUET 
620.1/MAR/1963 5 620_100000000000000_MAR_1963Central Library, BUET2015-08-23 17659 2015-08-23Circulation section 2015-08-23 General Book Central Library, BUET